| Tag |
First Indicator |
Second Indicator |
Subfields |
| LEADER |
00000cam a2200000 a 4500 |
| 001 |
in00001835721 |
| 005 |
20151026095501.0 |
| 008 |
040617s2004 enkab 000 0deng d |
| 020 |
|
|
|a 0715317903
|
| 035 |
|
|
|a (OCoLC)ocm55666904
|
| 040 |
|
|
|a JBL
|c JBL
|d GZM
|d OMP
|d TXA
|d UtOrBLW
|
| 043 |
|
|
|a e-fr---
|
| 049 |
|
|
|a TXAM
|
| 082 |
0 |
0 |
|a 940.5421421
|2 22
|
| 090 |
|
|
|a D756.5.N6
|b B38 2004
|
| 100 |
1 |
|
|a Bastable, Jonathan.
|
| 245 |
1 |
0 |
|a Voices from D-Day /
|c Jonathan Bastable.
|
| 264 |
|
1 |
|a Newton Abbot :
|b David & Charles,
|c 2004.
|
| 300 |
|
|
|a 320 pages :
|b illustrations, maps ;
|c 25 cm.
|
| 336 |
|
|
|a text
|b txt
|2 rdacontent
|
| 337 |
|
|
|a unmediated
|b n
|2 rdamedia
|
| 338 |
|
|
|a volume
|b nc
|2 rdacarrier
|
| 650 |
|
0 |
|a Operation Overlord.
|
| 650 |
|
0 |
|a World War, 1939-1945
|x Campaigns
|z France
|z Normandy.
|
| 650 |
|
0 |
|a World War, 1939-1945
|v Personal narratives.
|
| 948 |
|
|
|a cataloged
|b h
|c 2004/8/18
|d c
|e dmitchel
|f 2:10:20 pm
|
| 994 |
|
|
|a E0
|b TXA
|
| 999 |
|
|
|a MARS
|
| 999 |
f |
f |
|s 0d1c8f25-f2b6-373f-ab68-dfcaa4383d7e
|i 9a15e31c-6c2f-3a84-821d-444e1fad45e3
|t 0
|
| 952 |
f |
f |
|p normal
|a Texas A&M University
|b College Station
|c Sterling C. Evans Library
|d Evans: Library Stacks
|t 0
|e D756.5.N6 B38 2004
|h Library of Congress classification
|i unmediated -- volume
|m A14831272598
|
| 998 |
f |
f |
|a D756.5.N6 B38 2004
|t 0
|l Evans: Library Stacks
|